000 00321nam a22001337a 4500
008 250220b |||||||| |||| 00| 0 eng d
020 _a978978523203
050 _aHD3850
_b.O76
100 _aORONTO, Douglas
245 _aSure and Steady Transformation
260 _aNigeria
_bF.C.T
_c2015
300 _a494P.
942 _cBK
999 _c2004
_d2004